000 00720nam a2200181 a 4500
008 120416s1965 ||||||||||||||||| || u
050 _aHC 800 Nkr
100 _aNkrumah, Kwame
245 1 0 _aNeo-colonialism
246 _athe last stage of imperialism
260 _aLondon
_bNelson
_c1965
300 _axx, 208p. : ill
350 _a0.00
650 0 _aECONOMICS
650 _aNEO-COLONIALISM--AFRICA
995 _aANNEX COLLECTION (Main Library)
_D0.00
_e707471
_FCBU-MAIN LIBRARY (Kitwe)
_H1
_I0.00
_jHC 800 Nkr
_M1
_UAVAILABLE
_y003290
_ZAnnex Low-Usage Collection
995 _aANNEX COLLECTION (Main Library)
_D0.00
_e710072
_FCBU-MAIN LIBRARY (Kitwe)
_H2
_I0.00
_jHC 800 Nkr
_M2
_UAVAILABLE
_y003289
_ZAnnex Low-Usage Collection
999 _c78747
_d78747